Studies in the Bhagawatīsūtra. (Record no. 74311)
[ view plain ]
| 000 -LEADER | |
|---|---|
| fixed length control field | 00969cam a22002651 4500 |
| 001 - CONTROL NUMBER | |
| control field | sa 67004215 |
| 003 - CONTROL NUMBER IDENTIFIER | |
| control field | DLC |
| 005 - DATE AND TIME OF LATEST TRANSACTION | |
| control field | 20260227112344.0 |
| 008 - FIXED-LENGTH DATA ELEMENTS--GENERAL INFORMATION | |
| fixed length control field | 810402s1964 ii b 000 0 eng |
| 010 ## - LIBRARY OF CONGRESS CONTROL NUMBER | |
| LC control number | sa 67004215 |
| 025 ## - OVERSEAS ACQUISITION NUMBER | |
| Overseas acquisition number | PL480:I-E-5667 |
| 035 ## - SYSTEM CONTROL NUMBER | |
| System control number | (OCoLC)7296923 |
| 040 ## - CATALOGING SOURCE | |
| Original cataloging agency | DLC |
| Transcribing agency | NIC |
| Modifying agency | DLC |
| 042 ## - AUTHENTICATION CODE | |
| Authentication code | premarc |
| 050 00 - LIBRARY OF CONGRESS CALL NUMBER | |
| Classification number | PK5003.A52 |
| Item number | B557 1964 |
| 100 1# - MAIN ENTRY--PERSONAL NAME | |
| Personal name | Sikdar, Jogendra Chandra. |
| 245 10 - TITLE STATEMENT | |
| Title | Studies in the Bhagawatīsūtra. |
| 260 ## - PUBLICATION, DISTRIBUTION, ETC. | |
| Place of publication, distribution, etc. | Muzaffarpur, |
| Name of publisher, distributor, etc. | Research Institute of Prakrit, Jainology & Ahimsa, |
| Date of publication, distribution, etc. | 1964. |
| 300 ## - PHYSICAL DESCRIPTION | |
| Extent | xxiv, 658 p. |
| Dimensions | 26 cm. |
| 490 1# - SERIES STATEMENT | |
| Series statement | Prakrit Jain Institute research publications series, |
| Volume/sequential designation | v. 1 |
| 500 ## - GENERAL NOTE | |
| General note | A revision of the author's thesis, Bihar University. |
| 504 ## - BIBLIOGRAPHY, ETC. NOTE | |
| Bibliography, etc. note | Bibliography: p. [627]-637. |
| 600 10 - SUBJECT ADDED ENTRY--PERSONAL NAME | |
| Personal name | Siddhauta, Aṅga. |
| Title of a work | Bhagavatīsūtra. |
| 810 1# - SERIES ADDED ENTRY--CORPORATE NAME | |
| Corporate name or jurisdiction name as entry element | Mazaffarpur, India. |
| Subordinate unit | Research Institute of Prakrit, Jainology & Ahimsa. |
| Title of a work | Prakrit Jain Institute research publications series ; |
| Volume/sequential designation | v. 1. |
No items available.